| 000 | 00771nam a22002777a 4500 | ||
|---|---|---|---|
| 001 | 7126 | ||
| 003 | FISKH | ||
| 005 | 20250624150827.0 | ||
| 008 | 250624b cb ||||| |||| 00| 0 eng d | ||
| 020 | _a9780328018116 | ||
| 040 |
_aFISKH _beng _cFISKH _dFISKH |
||
| 050 | _aPE1119.S361 | ||
| 082 | _a372.4 | ||
| 100 | _aForesman, Scott | ||
| 245 |
_aLet's learn together / _cBy Peter Afflerbach |
||
| 260 |
_aNew York : _bScott Foresman , _c2012. |
||
| 300 |
_a192 pages : _bcolor illustrations ; _c29 cm . |
||
| 490 | _aScott Foresman Reading | ||
| 505 | _aJ | ||
| 521 | 8 |
_a500
_bLexile estimate |
|
| 521 | 8 |
_aJ
_bRaz-Plus |
|
| 650 |
_aReading _vNon-fiction |
||
| 700 |
_aBeers, Peter _eIllustrator |
||
| 942 |
_2ddc _cBK _n0 |
||
| 999 |
_c7126 _d7126 |
||